Fyziológia hospodárskych zvierat 2

Bibliographic Details
Main Author: Arendarčik, Jozef, 1922-1993 (Author)
Format: Book
Language:Slovak
PhysicalDescription:255 s. grafy, sch., tab. 29 cm
Published: Bratislava Príroda 1979
Edition:1. vyd.
Series:Vysokoškolské učebné texty
Subjects:

MARC

LEADER 00000cam a2200000 a 4500
001 vtls001106799
003 SK-MaSNL
005 20260302064229.0
008 250313s1979 xo da e 000 0 slo
015 |a SNBA1979 
020 |q (brož.) 
035 |a SNK000049641 
035 |a urn:nbn:sk:snk-amletk 
035 |a urn:nbn:sk:snk-am008yu6 
035 |a 50EFF06D-18CA-4A6A-9215-A0E7FA7E99E3 
040 |a SNK  |b slo  |c SNK  |e AACR2 
041 0 |a slo 
044 |a xo  |c SK 
080 |a 591.1:636(075.8)  |2 1981 
080 |a 636(075.8)  |2 1981 
080 |a 636  |2 1981 
080 |a 591.1(075.8)  |2 1981 
100 1 |a Arendarčik, Jozef,  |d 1922-1993  |4 aut  |9 39209 
245 1 0 |a Fyziológia hospodárskych zvierat 2  |c Jozef Arendarčík 
250 |a 1. vyd. 
260 |a Bratislava  |b Príroda  |c 1979 
300 |a 255 s.  |b grafy, sch., tab.  |c 29 cm 
366 |e 12000 výt. 
490 1 |a Vysokoškolské učebné texty 
500 |a Vydané pre Vysokú školu veterinárnu v Košiciach 
650 0 7 |a hospodárske zvieratá  |2 SNKPH  |9 1097 
650 0 7 |a fyziológia živočíchov  |2 SNKPH  |9 1093 
655 7 |a učebnice vysokých škôl  |2 SNKPH  |9 70191 
810 2 |a Vysoká škola veterinárska v Košiciach  |t Vysokoškolské učebné texty  |9 279372 
830 0 |a Vysokoškolské učebné texty  |9 276539 
852 |a Slovenská národná knižnica 
958 |a OND 
999 |c 1136495  |d 1138425 
952 |t P60, <04>, [BOOK], {604}  |a SNK  |b SNK  |y VYP  |7 0  |p 17A0121838  |o snkSB 28898/2 D1  |i snkKSP 6642/79  |0 0  |1 0  |4 0  |d 1998-02-04  |l 0  |r 2004-12-31 00:00:00  |w 2026-02-24 
952 |a SNK  |b SNK  |y PREZ  |7 0  |p 17A0972636  |o snkSB 28898/2  |i snkKSP 6641/79  |0 0  |1 0  |4 0  |d 2012-07-30  |f 1  |l 0  |r 2025-04-03 00:00:00  |w 2026-02-24